00769nam a2200217Ia 4500003000900000008004100009040001600050080002300066245010200089260003500191300001600226650003500242650001900277650002600296650002100322700002700343700003200370942000700402999001500409952012700424IN-BaIIA211028s9999 xx 000 0 eng d cIIA Library a047.1:539.1bADV-6 0aAdvances in nuclear science and technologybvol. 6cedited by Ernest J. Henley and Jeffery Lewins aNew YorkbAcademic Pressc1972 axiii, 239p. aHigh rnergy interactions97218 aNASA Thesaurus aNuclear physics91527 aNuclear research aHenley, Ernest J., ed. aLewins, Jeffery., ed.97219 cBK c4088d4088 00104070aBANbBANcGENd1973-01-27g126.58l0o047.1:539.1/ ADV-6p4560r2021-11-05v126.58w1973-01-27yBKGRs. 126.58